2024 Music by Lyrics - Statistics

General Stats
  • This quiz has been taken 436 times
  • The average score is 11 of 28
Answer Stats
Musical Act / Song % Correct
Sabrina Carpenter
89%
Espresso
87%
Kendrick Lamar
69%
Not Like Us
63%
Lady Gaga
60%
A Bar Song (Tipsy)
59%
Hozier
58%
Die With A Smile
57%
Too Sweet
55%
APT.
54%
Djo
49%
End of Beginning
46%
Shaboozey
46%
Rose
45%
Ariana Grande
36%
Billie Eilish
35%
Beautiful Things
34%
Benson Boone
34%
We Can't Be Friends (Wait For Your Love)
32%
Birds of a Feather
30%
Future
17%
Post Malone
17%
Like That
16%
I Had Some Help
15%
SZA
12%
Saturn
11%
St. Chroma
9%
Tyler, the Creator
9%
No matching quizzes found
Score Distribution
Percent of People with Each Score
Percentile by Number Answered
Your Score History
You have not taken this quiz